LEADER 01227nam 2200325Ka 450 001 9910697423603321 005 20080904164006.0 035 $a(CKB)5470000002388709 035 $a(OCoLC)245241847 035 $a(EXLCZ)995470000002388709 100 $a20080904d2008 ua 0 101 0 $aeng 181 $ctxt$2rdacontent 182 $cc$2rdamedia 183 $acr$2rdacarrier 200 14$aThe Navy's surface combatant programs$b[electronic resource] $etestimony, statement of Eric J. Labs, senior analyst, before the Subcommittee on Seapower and Expeditionary Forces, Committee on Armed Services, U.S. House of Representatives 210 1$aWashington, D.C. :$cU.S. Congressional Budget Office,$d[2008] 215 $a13 pages $cdigital, PDF file 225 1 $aCongressional Budget Office testimony 300 $aTitle from title screen (viewed on Sept. 4, 2008). 300 $a"July 31, 2008." 517 $aNavy's surface combatant programs 700 $aLabs$b Eric Jackson$01380719 712 02$aUnited States.$bCongressional Budget Office. 801 0$bGPO 801 1$bGPO 906 $aBOOK 912 $a9910697423603321 996 $aThe Navy's surface combatant programs$93437487 997 $aUNINA LEADER 01096nam a22002651i 4500 001 991001433109707536 005 20250610111131.0 008 030102s1983 it er 001|e ita d 035 $ab12146365-39ule_inst 035 $aARCHE-023616$9ExL 040 $aDip.to Filologia Ling. e Lett.$bita$cA.t.i. Arché s.c.r.l. Pandora Sicilia s.r.l.$dSocioculturale Scs 082 04$a327$223 100 1 $aPetricioli, Marta$0275793 245 12$aL'Italia in Asia Minore :$bequilibrio mediterraneo e ambizioni imperialiste alla vigilia della prima guerra mondiale /$cMarta Petricioli ; introduzione di Ennio Di Nolfo 260 $aFirenze :$bSansoni,$c1983 300 $a478 p. ;$c21 cm 490 1 $aContributi 651 4$aItalia$xPolitica internazionale$y1905-1915 830 0$aContributi 907 $a.b12146365$b02-04-14$c01-04-03 912 $a991001433109707536 945 $aLE008 FL.M. Neogr. 64$g1$iLE008N-8643$lle008$o-$pE0.00$q-$rn$sm$t0$u0$v0$w0$x0$y.i12473364$z01-04-03 996 $aItalia in Asia Minore$9149014 997 $aUNISALENTO 998 $ale008$b01-04-03$cm$da$e-$fita$git$h2$i1